00435nam a22001577a 450000500170000001000150001702000250003203500130005703700130007008200110008324500590009426000400015327000300019330000360022370000180025920100823131257.0 aENG-101317 a9788178235318c60.00 aEN-84850 bDBAD/PUB a181.45 aThe wonder that is Sri Ramakrishna /cby Bhaskarananda aChennaibSri Ramakrishna Mathc2010 aMylaporebChennaie600004 ax,213p.c20cm (pbk)eb&w photos aBhaskarananda